Central Library OPAC University of Rajshahi

বাল্মীকি রামায়ণ / (Record no. 74293)

MARC details
000 -LEADER
fixed length control field 00803nam a2200217 a 4500
001 - CONTROL NUMBER
control field 74293
003 - CONTROL NUMBER IDENTIFIER
rucl marc code BD-RjUL
005 - DATE AND TIME OF LATEST TRANSACTION
control field 20211209082531.0
008 - FIXED-LENGTH DATA ELEMENTS--GENERAL INFORMATION
fixed length control field 180531s2004 bg a|||| |||| 00| 1 ben d
035 ## - SYSTEM CONTROL NUMBER
System control number (BD-RjUL)74511
040 ## - CATALOGING SOURCE
Original cataloging agency BD-RjUL
Language of cataloging ben
Transcribing agency BD-RjUL
Modifying agency BD-RjUL
041 ## - LANGUAGE CODE
Language code of text/sound track or separate title ben
082 ## - DEWEY DECIMAL CLASSIFICATION NUMBER
Classification number 294.5922
Author mark and year RAV 2004
100 1# - MAIN ENTRY--PERSONAL NAME
Personal name রায়, কানাইলাল
9 (RLIN) 221524
245 1# - TITLE STATEMENT
Title বাল্মীকি রামায়ণ /
Remainder of title ড. কানাইলাল রায়
260 ## - PUBLICATION, DISTRIBUTION, ETC. (IMPRINT)
Place of publication, distribution, etc. ঢাকা :
Name of publisher, distributor, etc. আনন্দ পাবলিশার্স লিমিটেড,
Date of publication, distribution, etc. ২০০৪
300 ## - PHYSICAL DESCRIPTION
Pagination xxvi, ৩০০ পৃ. :
Illustrations চিত্র ;
Size ২০ সেমি.
650 ## - SUBJECT ADDED ENTRY--TOPICAL TERM
Topical term or geographic name as entry element হিন্দু পুরাণ
9 (RLIN) 221525
Topical term or geographic name as entry element Hindu mythology.
9 (RLIN) 221526
942 ## - ADDED ENTRY ELEMENTS (KOHA)
Source of classification or shelving scheme Dewey Decimal Classification
Koha item type Books
Holdings
Lost status Source of classification or shelving scheme Damaged status Not for loan Collection code Permanent Location Current Location Shelving location Date acquired Source of acquisition Cost, normal purchase price Total Checkouts Full call number Date last seen Copy number Koha item type
  Dewey Decimal Classification   Not For Loan Fiction Central Library, University of Rajshahi Central Library, University of Rajshahi Reading Room 24/04/2018 Gift by Author 300.00   B 294.5922 RAV 2004 31/05/2018 C-1 Books